000 00417nam a2200169Ia 4500
003 GCL
008 140319s9999 xx 000 0 eng d
040 _aGCL /
_cGCL
082 0 4 _a779
_bN P
100 1 _aNOZALINO, PAULO
245 1 0 _aPENUMBRA /
_cNOZALINO, PAULO
260 _a[S.N] :
_bSCALO ZURICH ،
_c1996
650 0 4 _aPHOTOGRAPHY
650 0 4 _aPHOTOGRAPHERS
650 0 4 _aPAULO, NOZALINO
942 _2ddc
_cBK
999 _c15220
_d15220